Morza na literę S - Statystyki

Ogólne statystyki
  • Ten quiz został rozwiązany 43 razy
    32 od ostatniego zresetowania
  • Średni wynik to 9 z 13
Statystyki odpowiedzi
Kontynent/Kontynenty Odpowiedź % Poprawnych
Ameryka Północna Sargassowe
97%
Afryka, Europa Sycylijskie
87%
Azja Sulu
83%
Europa Szkockie
83%
Oceania Salomona
80%
Ameryka Południowa, Antarktyda Scotia
80%
Azja Sawu
77%
Azja Seram
77%
Antarktyda Somowa
63%
Europa Sardynii
60%
Ameryka Północna Salish
57%
Azja Sibuyan
37%
Azja Samar
30%
Nie znaleziono quizów pasujących do podanych kryteriów
Rozkład punktacji
Procent ludzi z każdym wynikiem
Percentyl według liczby udzielonych odpowiedzi
Twoja historia wyników
Nie rozwiązałeś tego quizu od ostatniego zresetowania